| 000 | 00606nam a22002057a 4500 | ||
|---|---|---|---|
| 005 | 20150619120747.0 | ||
| 010 | _aENG-112879 | ||
| 020 |
_c150.00 _a9788172764463 |
||
| 035 | _aEN-96411 | ||
| 037 | _bDBAD/PUB | ||
| 082 | _a920 | ||
| 100 | _aRoy, Dilip Kumar | ||
| 245 |
_aSix illuminates of modern India / _cby Dilip Kumar Roy ; foreworded by H.V. Kamath |
||
| 250 | _a2nd ed | ||
| 260 |
_aMumbai _bBharatiya Vidaya Bhawan _c2011 |
||
| 270 |
_aK.M. Munshi Marg, _bMumbai _e400007 |
||
| 300 |
_axiv,200p. : _c22cm(pbk) _bill. |
||
| 700 | _aKamath, H.V. | ||
| 942 |
_2ddc _cEN _mROY _h920 |
||
| 999 |
_c93370 _d93370 |
||